[Event "USCF 2016"]
[Site "LIMOGES"]
[Date "2016.04.20"]
[Round "3.8"]
[White "Eichmann, Yannick"]
[Black "Nefzaoui, Rabah"]
[Result "1-0"]
[WhiteElo "1596"]
[BlackElo "1790"]
[PlyCount "77"]
[EventDate "2016.??.??"]

1. e4 c5 2. Nf3 d6 3. d4 cxd4 4. Nxd4 Bd7 5. Nc3 Nc6 6. Be3 Nf6 7. f3 g6 8. Qd2
Bg7 9. g4 a6 10. Bc4 Rc8 11. Bb3 Na5 12. O-O-O Nc4 13. Bxc4 Rxc4 14. h4 Qc8 15.
Kb1 h6 16. Bxh6 Nxe4 17. Nxe4 Rxd4 18. Qe3 Rxd1+ 19. Rxd1 Bxh6 20. g5 Be6 21.
gxh6 Qc6 22. b3 Kf8 23. Qf4 Bf5 24. Rd3 Bxe4 25. fxe4 Qc5 26. e5 Kg8 27. exd6
exd6 28. Rxd6 Rxh6 29. Qf6 Qxd6 30. Qxd6 Kg7 31. Qe5+ Kf8 32. Qf6 Rh5 33. a4
Rf5 34. Qb6 Rh5 35. Qxb7 Rxh4 36. Qxa6 Kg7 37. Qd6 g5 38. a5 g4 39. a6 1-0

[Event "USCF 2016"]
[Site "LIMOGES"]
[Date "2016.04.20"]
[Round "3.9"]
[White "Legastelois, Julien"]
[Black "Hilschger, Nicolas"]
[Result "1-0"]
[WhiteElo "1764"]
[BlackElo "1765"]
[PlyCount "99"]
[EventDate "2016.??.??"]

1. d4 Nf6 2. e3 g6 3. Nf3 Bg7 4. Bd3 c5 5. c3 d6 6. O-O O-O 7. Nbd2 Qc7 8. Re1
b6 9. b3 Bb7 10. Bb2 Nbd7 11. c4 e6 12. Qc2 Rac8 13. Rac1 Rfe8 14. Bf1 a6 15.
Ng5 Nf8 16. dxc5 dxc5 17. Ngf3 Nh5 18. Bxg7 Nxg7 19. Ng5 f5 20. Qc3 e5 21. e4
f4 22. Qh3 Nge6 23. Ndf3 Rcd8 24. Rcd1 Nd4 25. Nxd4 cxd4 26. c5 b5 27. b4 Qe7
28. Qb3+ Kg7 29. Nf3 g5 30. h3 h5 31. a4 Bc6 32. axb5 axb5 33. Ra1 g4 34. hxg4
hxg4 35. Nh2 Qh4 36. Ra7+ Rd7 37. g3 Qh5 38. Rxd7+ Nxd7 39. gxf4 exf4 40. f3
Rh8 41. Re2 g3 42. Qe6 gxh2+ 43. Kh1 Rh6 44. Qe7+ Kh8 45. Rg2 Rg6 46. Rxh2
Qxh2+ 47. Kxh2 Nf6 48. Bh3 Nh5 49. Qf8+ Rg8 50. Qh6# 1-0

[Event "USCF 2016"]
[Site "LIMOGES"]
[Date "2016.04.20"]
[Round "3.10"]
[White "Capron, Daniel"]
[Black "Bleuzen, Cedric"]
[Result "1/2-1/2"]
[WhiteElo "2109"]
[BlackElo "1983"]
[PlyCount "110"]
[EventDate "2016.??.??"]

1. e4 d5 2. Nc3 d4 3. Nb1 c5 4. Bb5+ Nd7 5. a4 a6 6. Bxd7+ Bxd7 7. a5 Qc7 8. b3
Bc6 9. d3 e6 10. Bd2 f5 11. f3 Bd6 12. g3 Nf6 13. Qe2 O-O 14. Na3 Nd7 15. Nc4
Rae8 16. Qg2 Bb5 17. Na3 Ne5 18. Nxb5 axb5 19. f4 Nc6 20. e5 Be7 21. Nf3 Ra8
22. O-O Nxa5 23. Bxa5 Rxa5 24. Rxa5 Qxa5 25. Ne1 Qa8 26. Nf3 b6 27. Qe2 Qc6 28.
Ra1 Ra8 29. Rxa8+ Qxa8 30. h4 h5 31. Ng5 {=} Bxg5 32. hxg5 g6 33. Kh2 Kf7 34.
Kg1 Ke7 35. Kh2 Kd7 36. Qf1 Kc7 37. Kg1 Kb8 38. Qe2 Qa1+ 39. Kg2 Qc1 40. Kh2
Ka7 41. Qg2 Qd1 42. b4 cxb4 43. Qc6 b3 44. cxb3 Qe2+ 45. Kg1 Qxd3 46. Qxe6
Qxg3+ 47. Kh1 Qf3+ 48. Kg1 d3 49. Qd7+ Ka6 50. b4 h4 51. e6 Qe3+ 52. Kg2 Qe2+
53. Kg1 Qe3+ 54. Kg2 Qe2+ 55. Kg1 Qe1+ 1/2-1/2

[Event "USCF 2016"]
[Site "LIMOGES"]
[Date "2016.04.20"]
[Round "3.11"]
[White "Dehesdin, Wilfried"]
[Black "Pillault, Franck"]
[Result "1-0"]
[WhiteElo "2125"]
[BlackElo "1924"]
[PlyCount "29"]
[EventDate "2016.??.??"]

1. d4 Nf6 2. c4 c5 3. d5 e5 4. Qa4 Be7 5. Nc3 O-O 6. Nf3 d6 7. h3 e4 8. Ng5 Bf5
9. g4 Bg6 10. Bg2 Nxg4 11. Nxh7 Nxf2 12. Nxf8 Qxf8 13. O-O Nxh3+ 14. Bxh3 Nd7
15. Qxd7 1-0

[Event "USCF 2016"]
[Site "LIMOGES"]
[Date "2016.04.20"]
[Round "3.12"]
[White "Bastin, Eugene"]
[Black "Julien, Franck"]
[Result "0-1"]
[WhiteElo "1328"]
[BlackElo "1561"]
[PlyCount "60"]
[EventDate "2016.??.??"]

1. d4 Nf6 2. Nf3 g6 3. Bg5 Bg7 4. e3 O-O 5. Bd3 d6 6. h3 c5 7. c3 Nc6 8. Nbd2
cxd4 9. exd4 Qc7 10. O-O e5 11. dxe5 dxe5 12. Ne4 Nxe4 13. Bxe4 Be6 14. Qc2 f6
15. Bd2 f5 16. Bxc6 Qxc6 17. Rae1 e4 18. Nh2 Bc4 19. Bg5 Bxf1 20. Nxf1 h6 21.
Bc1 Rad8 22. Qb3+ Kh7 23. Ne3 Rd7 24. c4 Rd3 25. Qc2 Rfd8 26. b3 f4 27. Nd1 Qd7
28. Nb2 Bxb2 29. Qxb2 Rd1 30. Kf1 Rxe1+ 0-1